Country A to Z- Afghanistan - Statistics

General Stats
  • This quiz has been taken 15 times
  • The average score is 13 of 26
Answer Stats
Hint Answer % Correct
The most popular team sport in Afghanistan. Cricket
91%
Currency of Afghanistan. Afghani
82%
Afghanistan is often called '_____________ of the Empires'. Graveyard
82%
Second longest border of Afghanistan is with this country. Tajikistan
82%
Afghanistan is part of proposed TAPI Natural Gas pipeline. The members includes Turkmenistan, Afghanistan, Pakistan and _____. India
73%
Women would do this for first time in 1965. Vote
73%
Largest Province of Afghanistan. Helmand
64%
A pass which gives entry to Pakistan. Historically, it was considered The Gate to India. Khyber
64%
Afghanistan is the largest producer of ______. Opium
64%
It is believed that recent history of Afghanistan starts with this empire. Durrani
55%
'The Great Game' was a conflict between Great Britain and ______. Russia
55%
After August 2021, Afghanistan government has turned itself from Islamic Republic to what? Emirate
45%
In 2001, this country offered (then) Taliban government a proposal to move Bamiyan Buddha statues to their country. Japan
45%
Taliban regime had given refuge to Osama bin Laden and his organization "Al-______", resulting in US invasion of Afghanistan. Qaeda
45%
This spice from Afghanistan is considered best in the world. Saffron
45%
Taliban government was initially recognized by Pakistan, Saudi Arabia and ______ ___ ________. United Arab Emirates
45%
An insurgent group named "United Islamic National Front for the Salvation of Afghanistan" is often called as __________ Alliance. Northern
36%
A narrow passageway which connects Afghanistan with China Wakhan
36%
Above area above connects Chinese region of _______. Xinjiang
36%
A major religion in Afghanistan before Islam. Zoroastrianism
36%
A nomad game involving horsemen and goat carcass.(It is also played in Kyrgyzstan, Tajikistan and Kazakhstan) Buzkashi
27%
Sir Mortimore Durand is now famous for his ______. Line
27%
Soviet-Afghan war gave way to this guerilla warriors, which broadly means 'doers of Jihad' Mujahid
27%
What happened to nine billion dollars worth assets in United states, after takeover of Taliban in 2021? Frozen
18%
Afghan forces comprehensively defeated Marathas of India in 1761 at Third Battle of __________. Panipat
0%
Present Defense Minister of Taliban led Afghan government- Mullah ______. Yaqoob
0%
No matching quizzes found
Score Distribution
Percent of People with Each Score
Percentile by Number Answered
Your Score History
You have not taken this quiz